East Asian trade after the Uruguay Round (Record no. 9468)
[ view plain ]
| 000 -LEADER | |
|---|---|
| fixed length control field | 00464nam a2200157Ia 4500 |
| 020 ## - INTERNATIONAL STANDARD BOOK NUMBER | |
| ISBN | 0521583187 |
| 082 ## - DEWEY DECIMAL CLASSIFICATION NUMBER | |
| Classification number | 382.095 EAS- |
| 245 #0 - TITLE STATEMENT | |
| Title | East Asian trade after the Uruguay Round |
| 260 ## - PUBLICATION, DISTRIBUTION, ETC. (IMPRINT) | |
| Place of publication | United Kingdom |
| Name of publisher | Press Syndicate of the University of Cam |
| Year of publication | 1997 |
| 300 ## - PHYSICAL DESCRIPTION | |
| Number of Pages | xviii,290p. |
| 504 ## - BIBLIOGRAPHY, ETC. NOTE | |
| Bibliography, etc | Include bibliography and index |
| 650 ## - SUBJECT ADDED ENTRY--TOPICAL TERM | |
| Topical Term | East Asia |
| Form subdivision | Commerce |
| 650 ## - SUBJECT ADDED ENTRY--TOPICAL TERM | |
| Topical Term | Uruguay Round |
| Form subdivision | Commerce |
| Geographic subdivision | 1987-1994 |
| 700 ## - ADDED ENTRY--PERSONAL NAME | |
| Personal name | Robertson, David |
| 942 ## - ADDED ENTRY ELEMENTS (KOHA) | |
| Koha item type | Books |
| Source of classification or shelving scheme | Dewey Decimal Classification |
| Withdrawn status | Lost status | Damaged status | Not for loan | Collection code | Home library | Current library | Date acquired | Bill Date | Full call number | Accession Number | Price effective from | Koha item type |
|---|---|---|---|---|---|---|---|---|---|---|---|---|
| Docas Books | NASSDOC Library | NASSDOC Library | 09/09/2016 | 2004-10-05 | 382.095 EAS- | D000108 | 18/04/2019 | Books |
